Apprendre les métiers en allemand - Statistiques

Statistiques générales
  • Ce quiz a été pris 36 fois
  • Le résultat moyen est 10 sur 45
Statistiques - réponses
Français Allemand / Deutsch % Correct
Boulanger Bäcker
81%
Acteur Schauspieler
71%
Enseignant Lehrer
65%
Policier Polizist
61%
Coiffeur Friseur
58%
Médecin Arzt
55%
Chauffeur de bus Busfahrer
52%
Journaliste Journalist
48%
Cuisiner Koch
48%
Danseur Tänzer
45%
Soldat Soldat
42%
Chauffeur de taxi Taxifahrer
42%
Chanteur Sänger
39%
Vendeur Verkäufer
39%
Secrétaire Sekretär
35%
Infirmière Krankenschwester
32%
Artiste Künstler
29%
Pompier Feuerwehrmann
26%
Informaticien Informatiker
26%
Boucher Metzger
23%
Mécanicien Mechaniker
19%
Militaire Militär
19%
Éducateur Erzieher
10%
Chauffeur poids lourd LKW-Fahrer
10%
Écrivain Schriftsteller
10%
Technicien Techniker
10%
Électricien Electriker
6%
Fleuriste Florist
6%
Bénévole Freiwilliger
6%
Pédiatre Kinderarzt
6%
Psychologue Psychologe
6%
Comptable Buchhalter
3%
Hôtesse de l’air Flugbegleiterin
3%
Maçon Mason
3%
Ouvrier Arbeitnehmer
0%
Aide-soignant Betreuer
0%
Réceptionniste Empfangsdame
0%
Femme de ménage Hausmädchen
0%
Esthéticienne Kosmetikerin
0%
Garde du corps Leibwächter
0%
Psychatre Pschatter
0%
Contrôleur Regler
0%
Maître nageur Rettungsschwimmer
0%
Serveur Server
0%
Douanier Zollbeamte
0%
Aucun quiz correspondant
Distribution des résultats
% des personnes avec chaque résultat
Percentile par nombre de réponses
Votre historique - résultats
Vous n’avez pas pris ce quiz